000 00732nam a2200241 i 4500
003 DO-SdBNP
005 20251125084051.0
007 ta
008 251125b2018 dr a|||| |||| 00| 0 spa d
040 _aDO-SdBNP
_bspa
_cBNPHU
_erda
041 _aspa
082 4 _axxx
_bxxx
_222
245 1 0 _aGuía de redes sociales para las Mipymes
_b
250 _aPrimera edición
264 4 _aSanto Domingo, República Dominicana :
_bMinisterio de Industria Comercio y Mipymes
_c©2018.
300 _a33 páginas :
_bilustraciones ;
_c21 cm.
336 _atexto
_btxt
_2rdacontent
337 _asin mediación
_bn
_2rdamedia
338 _avolumen
_bnc
_2rdacarrier
590 _aInventariado, 2025/BT
910 _aBtavárez
942 _2ddc
_cLF2
999 _c60065
_d60065